[Event "Deutsche Blitz-Einzelmeisterschaft der Frauen 2021"]
[Site "Magdeburg"]
[Date "2021.08.01"]
[Round "2"]
[Board "9"]
[White "Brunner, Sophia"]
[Black "Schlueter, Sabrina"]
[Result "1-0"]
[WhiteElo "1741"]
[BlackElo "1790"]
[PlyCount "0"]
[EventDate "2021.08.01"]
[EventRounds "21"]
[EventCountry "GER"]

1. d4 {[%clk 0:03:03]} c6 {[%clk 0:03:03]} 2. c4 {[%clk 0:03:00]} g6 {[%clk
0:03:04]} 3. Nc3 {[%clk 0:03:02]} Bg7 {[%clk 0:03:06]} 4. e4 {[%clk 0:03:03]} d6
{[%clk 0:03:07]} 5. Be3 {[%clk 0:03:03]} Nf6 {[%clk 0:03:08]} 6. h3 {[%clk
0:03:00]} O-O {[%clk 0:03:08]} 7. Nf3 {[%clk 0:02:59]} Nbd7 {[%clk 0:03:08]} 8.
Be2 {[%clk 0:02:58]} Re8 {[%clk 0:03:08]} 9. O-O {[%clk 0:02:58]} e5 {[%clk
0:03:09]} 10. d5 {[%clk 0:02:49]} c5 {[%clk 0:03:10]} 11. a3 {[%clk 0:02:55]} a6
{[%clk 0:03:10]} 12. b4 {[%clk 0:02:54]} cxb4 {[%clk 0:02:59]} 13. axb4 {[%clk
0:02:55]} Nb6 {[%clk 0:02:45]} 14. c5 {[%clk 0:02:46]} dxc5 {[%clk 0:02:37]} 15.
bxc5 {[%clk 0:02:47]} Nbd7 {[%clk 0:02:32]} 16. c6 {[%clk 0:02:24]} bxc6 {[%clk
0:02:28]} 17. dxc6 {[%clk 0:02:25]} Nf8 {[%clk 0:02:21]} 18. Qa4 {[%clk 0:01:51]}
Qc7 {[%clk 0:01:59]} 19. Rab1 {[%clk 0:01:43]} Re6 {[%clk 0:01:41]} 20. Nd5
{[%clk 0:01:37]} Qxc6 {[%clk 0:01:33]} 21. Qxc6 {[%clk 0:01:38]} Rxc6 {[%clk
0:01:34]} 22. Ne7+ {[%clk 0:01:39]}  1-0

[Event "Deutsche Blitz-Einzelmeisterschaft der Frauen 2021"]
[Site "Magdeburg"]
[Date "2021.08.01"]
[Round "2"]
[Board "10"]
[White "Ries, Jutta"]
[Black "Braun, Kristin"]
[Result "1-0"]
[WhiteElo "2094"]
[BlackElo "1846"]
[PlyCount "0"]
[EventDate "2021.08.01"]
[EventRounds "21"]
[EventCountry "GER"]

1. f4 {[%clk 0:03:03]} c5 {[%clk 0:02:52]} 2. Nf3 {[%clk 0:03:04]} Nc6 {[%clk
0:03:04]} 3. b3 {[%clk 0:03:04]} Nf6 {[%clk 0:03:02]} 4. Bb2 {[%clk 0:03:05]} g6
{[%clk 0:03:02]} 5. e3 {[%clk 0:03:06]} Bg7 {[%clk 0:03:03]} 6. Bb5 {[%clk
0:02:58]} O-O {[%clk 0:03:02]} 7. O-O {[%clk 0:03:07]} d5 {[%clk 0:02:58]} 8.
Bxc6 {[%clk 0:02:59]} bxc6 {[%clk 0:02:59]} 9. Qe2 {[%clk 0:02:49]} Qb6 {[%clk
0:02:45]} 10. d3 {[%clk 0:02:48]} Ba6 {[%clk 0:02:40]} 11. Nc3 {[%clk 0:02:40]}
Rad8 {[%clk 0:01:54]} 12. Na4 {[%clk 0:02:39]} Qa5 {[%clk 0:01:46]} 13. c4 {[%clk
0:02:23]} dxc4 {[%clk 0:01:40]} 14. dxc4 {[%clk 0:02:24]} Rd7 {[%clk 0:01:33]}
15. Bc3 {[%clk 0:02:25]} Qc7 {[%clk 0:01:17]} 16. Nxc5 {[%clk 0:02:24]} Qb6
{[%clk 0:01:07]} 17. Nxd7 {[%clk 0:02:23]} Nxd7 {[%clk 0:01:09]} 18. Bxg7 {[%clk
0:02:22]} Kxg7 {[%clk 0:01:09]} 19. Rad1 {[%clk 0:02:14]} Nf6 {[%clk 0:01:08]}
20. Rfe1 {[%clk 0:02:16]} Bb7 {[%clk 0:01:07]} 21. Qb2 {[%clk 0:02:15]} Kg8
{[%clk 0:00:57]} 22. Ne5 {[%clk 0:02:14]} Bc8 {[%clk 0:01:03]} 23. Qd4 {[%clk
0:02:08]} Qc7 {[%clk 0:01:03]} 24. Qc5 {[%clk 0:02:02]} Bf5 {[%clk 0:00:58]} 25.
Nxc6 {[%clk 0:01:47]} Re8 {[%clk 0:00:47]} 26. Qb5 {[%clk 0:01:27]} Bd7 {[%clk
0:00:43]} 27. Rxd7 {[%clk 0:01:13]} Qxd7 {[%clk 0:00:42]} 28. Nd4 {[%clk
0:01:07]} Qc7 {[%clk 0:00:41]} 29. Rd1 {[%clk 0:00:58]} Rd8 {[%clk 0:00:37]} 30.
Qg5 {[%clk 0:00:47]} Kg7 {[%clk 0:00:32]} 31. Nf5+ {[%clk 0:00:47]} Kf8 {[%clk
0:00:29]} 32. Qh6+ {[%clk 0:00:47]} Ke8 {[%clk 0:00:29]} 33. Ng7+ {[%clk
0:00:42]} Kf8 {[%clk 0:00:32]} 34. Ne6+ {[%clk 0:00:43]} Ke8 {[%clk 0:00:34]} 35.
Nxc7# {[%clk 0:00:44]}  1-0

[Event "Deutsche Blitz-Einzelmeisterschaft der Frauen 2021"]
[Site "Magdeburg"]
[Date "2021.08.01"]
[Round "2"]
[Board "11"]
[White "Noll, Sonja"]
[Black "Kosovska, Olena"]
[Result "0-1"]
[WhiteElo "1707"]
[BlackElo "1965"]
[PlyCount "0"]
[EventDate "2021.08.01"]
[EventRounds "21"]
[EventCountry "GER"]

1. e4 {[%clk 0:03:03]} c5 {[%clk 0:03:03]} 2. Nf3 {[%clk 0:02:53]} Nc6 {[%clk
0:03:04]} 3. b3 {[%clk 0:03:04]} d6 {[%clk 0:03:04]} 4. Bb2 {[%clk 0:03:04]} Nf6
{[%clk 0:03:05]} 5. d3 {[%clk 0:03:04]} e6 {[%clk 0:03:06]} 6. h3 {[%clk
0:03:05]} Be7 {[%clk 0:03:07]} 7. Be2 {[%clk 0:02:57]} O-O {[%clk 0:03:07]} 8.
Nbd2 {[%clk 0:02:57]} e5 {[%clk 0:03:06]} 9. O-O {[%clk 0:03:01]} Be6 {[%clk
0:03:06]} 10. Ne1 {[%clk 0:02:56]} Nd4 {[%clk 0:02:58]} 11. Bxd4 {[%clk 0:02:53]}
cxd4 {[%clk 0:02:57]} 12. f4 {[%clk 0:02:48]} Rc8 {[%clk 0:02:39]} 13. f5 {[%clk
0:02:43]} Bd7 {[%clk 0:02:39]} 14. Rc1 {[%clk 0:02:40]} d5 {[%clk 0:02:52]} 15.
c4 {[%clk 0:02:35]} dxc3 {[%clk 0:02:50]} 16. Rxc3 {[%clk 0:02:35]} Rxc3 {[%clk
0:02:50]} 17. g4 {[%clk 0:02:30]} dxe4 {[%clk 0:02:49]} 18. g5 {[%clk 0:02:31]}
Qb6+ {[%clk 0:02:36]} 19. Kh2 {[%clk 0:02:27]} exd3 {[%clk 0:02:03]} 20. Bxd3
{[%clk 0:02:20]} e4 {[%clk 0:01:41]} 21. Nxe4 {[%clk 0:02:14]} Nxe4 {[%clk
0:01:41]} 22. Bxe4 {[%clk 0:02:05]} Bd6+ {[%clk 0:01:29]} 23. Kg2 {[%clk
0:02:09]} Bc6 {[%clk 0:01:24]} 24. Qg4 {[%clk 0:01:49]} Re8 {[%clk 0:01:09]} 25.
Bxc6 {[%clk 0:01:32]} Qxc6+ {[%clk 0:01:10]} 26. Nf3 {[%clk 0:01:21]} Rc2+ {[%clk
0:01:06]} 27. Rf2 {[%clk 0:01:17]} Ree2 {[%clk 0:00:56]} 28. Qh4 {[%clk 0:01:01]}
Rxf2+ {[%clk 0:00:54]} 29. Qxf2 {[%clk 0:01:01]} Rxf2+ {[%clk 0:00:54]}  0-1

[Event "Deutsche Blitz-Einzelmeisterschaft der Frauen 2021"]
[Site "Magdeburg"]
[Date "2021.08.01"]
[Round "3"]
[Board "1"]
[White "Kosovska, Olena"]
[Black "Wulf, Constanze"]
[Result "0-1"]
[WhiteElo "1965"]
[BlackElo "1817"]
[PlyCount "0"]
[EventDate "2021.08.01"]
[EventRounds "21"]
[EventCountry "GER"]

1. e4 {[%clk 0:03:03]} c5 {[%clk 0:03:03]} 2. Nc3 {[%clk 0:03:03]} d6 {[%clk
0:03:01]} 3. f4 {[%clk 0:03:04]} g6 {[%clk 0:02:53]} 4. Nf3 {[%clk 0:03:05]} Bg7
{[%clk 0:02:53]} 5. Bc4 {[%clk 0:03:04]} e6 {[%clk 0:02:50]} 6. O-O {[%clk
0:03:02]} Ne7 {[%clk 0:02:51]} 7. d3 {[%clk 0:03:02]} Nbc6 {[%clk 0:02:51]} 8.
Qe1 {[%clk 0:03:03]} O-O {[%clk 0:02:50]} 9. Qh4 {[%clk 0:02:59]} a6 {[%clk
0:02:45]} 10. a3 {[%clk 0:02:49]} b5 {[%clk 0:02:43]} 11. Bb3 {[%clk 0:02:48]}
Nd4 {[%clk 0:02:32]} 12. Ng5 {[%clk 0:02:34]} h6 {[%clk 0:02:14]} 13. Nf3 {[%clk
0:02:31]} Nxb3 {[%clk 0:02:11]} 14. cxb3 {[%clk 0:02:31]} Bb7 {[%clk 0:01:44]}
15. f5 {[%clk 0:02:24]} exf5 {[%clk 0:01:39]} 16. Bxh6 {[%clk 0:02:23]} Nc6
{[%clk 0:00:59]} 17. Ng5 {[%clk 0:02:03]} Bf6 {[%clk 0:00:28]} 18. Nd5 {[%clk
0:01:42]} Re8 {[%clk 0:00:20]} 19. exf5 {[%clk 0:01:21]} Ne5 {[%clk 0:00:17]} 20.
Nxf6+ {[%clk 0:01:15]} Qxf6 {[%clk 0:00:18]} 21. fxg6 {[%clk 0:01:12]} Qxg6
{[%clk 0:00:19]} 22. Ne4 {[%clk 0:00:43]} Bxe4 {[%clk 0:00:15]} 23. dxe4 {[%clk
0:00:43]} Re6 {[%clk 0:00:11]} 24. Bg5 {[%clk 0:00:40]} Nd7 {[%clk 0:00:04]} 25.
Rf5 {[%clk 0:00:37]} Rae8 {[%clk 0:00:04]} 26. Raf1 {[%clk 0:00:33]} Rxe4 {[%clk
0:00:05]} 27. Qf2 {[%clk 0:00:30]} Ne5 {[%clk 0:00:06]} 28. h4 {[%clk 0:00:17]}
d5 {[%clk 0:00:07]} 29. Rf6 {[%clk 0:00:16]} Qg7 {[%clk 0:00:08]} 30. Qf5 {[%clk
0:00:14]} Re2 {[%clk 0:00:07]} 31. Rxa6 {[%clk 0:00:12]} d4 {[%clk 0:00:08]} 32.
h5 {[%clk 0:00:12]} d3 {[%clk 0:00:08]} 33. h6 {[%clk 0:00:13]} Qh7 {[%clk
0:00:08]} 34. Qf4 {[%clk 0:00:12]} d2 {[%clk 0:00:09]} 35. Qg3 {[%clk 0:00:12]}
c4 {[%clk 0:00:07]} 36. Bf6+ {[%clk 0:00:13]} Kf8 {[%clk 0:00:07]} 37. Bg7+
{[%clk 0:00:14]} Kg8 {[%clk 0:00:08]} 38. Bxe5+ {[%clk 0:00:15]} Kf8 {[%clk
0:00:09]} 39. Bg7+ {[%clk 0:00:14]} Kg8 {[%clk 0:00:11]} 40. Bc3+ {[%clk
0:00:06]} Kf8 {[%clk 0:00:12]} 41. Raf6 {[%clk 0:00:06]} R8e6 {[%clk 0:00:13]}
42. Rxf7+ {[%clk 0:00:06]} Qxf7 {[%clk 0:00:14]} 43. Rxf7+ {[%clk 0:00:07]} Kxf7
{[%clk 0:00:15]} 44. Qf3+ {[%clk 0:00:08]} Ke7 {[%clk 0:00:16]} 45. h7 {[%clk
0:00:07]} Re1+ {[%clk 0:00:17]} 46. Kh2 {[%clk 0:00:08]} d1=Q {[%clk 0:00:16]}
47. Bxe1 {[%clk 0:00:08]} Qxe1 {[%clk 0:00:17]} 48. h8=Q {[%clk 0:00:08]} Qe5+
{[%clk 0:00:16]} 49. Qg3 {[%clk 0:00:08]} Qxh8+ {[%clk 0:00:17]} 50. Qh3 {[%clk
0:00:08]} Rh6 {[%clk 0:00:18]} 51. Kg1 {[%clk 0:00:08]} Rxh3 {[%clk 0:00:19]} 52.
gxh3 {[%clk 0:00:09]} Qxh3 {[%clk 0:00:20]}  0-1

[Event "Deutsche Blitz-Einzelmeisterschaft der Frauen 2021"]
[Site "Magdeburg"]
[Date "2021.08.01"]
[Round "3"]
[Board "2"]
[White "Braun, Kristin"]
[Black "Noll, Sonja"]
[Result "1-0"]
[WhiteElo "1846"]
[BlackElo "1707"]
[PlyCount "0"]
[EventDate "2021.08.01"]
[EventRounds "21"]
[EventCountry "GER"]

1. e4 {[%clk 0:03:03]} Nf6 {[%clk 0:03:03]} 2. Nc3 {[%clk 0:03:04]} d5 {[%clk
0:03:04]} 3. exd5 {[%clk 0:03:05]} Nxd5 {[%clk 0:03:05]} 4. d4 {[%clk 0:03:04]}
Nxc3 {[%clk 0:02:59]} 5. bxc3 {[%clk 0:03:05]} c5 {[%clk 0:02:58]} 6. Nf3 {[%clk
0:02:57]} Bg4 {[%clk 0:02:56]} 7. Bb5+ {[%clk 0:02:58]} Nc6 {[%clk 0:02:53]} 8.
d5 {[%clk 0:02:48]} Qa5 {[%clk 0:02:44]} 9. dxc6 {[%clk 0:02:21]} Qxb5 {[%clk
0:02:45]} 10. h3 {[%clk 0:02:21]} Bh5 {[%clk 0:02:43]} 11. Qd7# {[%clk 0:02:21]}
 1-0

[Event "Deutsche Blitz-Einzelmeisterschaft der Frauen 2021"]
[Site "Magdeburg"]
[Date "2021.08.01"]
[Round "3"]
[Board "3"]
[White "Schlueter, Sabrina"]
[Black "Ries, Jutta"]
[Result "0-1"]
[WhiteElo "1790"]
[BlackElo "2094"]
[PlyCount "0"]
[EventDate "2021.08.01"]
[EventRounds "21"]
[EventCountry "GER"]

1. c4 {[%clk 0:03:03]} Nf6 {[%clk 0:03:03]} 2. Nc3 {[%clk 0:03:03]} c5 {[%clk
0:03:03]} 3. g3 {[%clk 0:03:05]} Nc6 {[%clk 0:03:05]} 4. Bg2 {[%clk 0:03:06]} g6
{[%clk 0:03:03]} 5. Nf3 {[%clk 0:03:07]} Bg7 {[%clk 0:03:04]} 6. O-O {[%clk
0:03:07]} O-O {[%clk 0:03:05]} 7. d3 {[%clk 0:03:08]} d6 {[%clk 0:03:04]} 8. Bg5
{[%clk 0:03:00]} Bd7 {[%clk 0:03:03]} 9. Qd2 {[%clk 0:03:07]} Re8 {[%clk
0:03:04]} 10. h3 {[%clk 0:03:06]} a6 {[%clk 0:03:04]} 11. a3 {[%clk 0:02:56]} Rb8
{[%clk 0:03:05]} 12. Rac1 {[%clk 0:02:54]} b5 {[%clk 0:03:04]} 13. cxb5 {[%clk
0:02:51]} axb5 {[%clk 0:03:05]} 14. Kh2 {[%clk 0:02:31]} b4 {[%clk 0:03:05]} 15.
axb4 {[%clk 0:02:31]} Rxb4 {[%clk 0:02:58]} 16. Ne1 {[%clk 0:02:02]} Qb8 {[%clk
0:02:55]} 17. Rb1 {[%clk 0:02:01]} Nd4 {[%clk 0:02:52]} 18. Bxf6 {[%clk 0:01:43]}
exf6 {[%clk 0:02:35]} 19. e3 {[%clk 0:01:30]} Nb3 {[%clk 0:02:27]} 20. Qc2 {[%clk
0:01:29]} Na5 {[%clk 0:02:27]} 21. Nd5 {[%clk 0:01:18]} Bc6 {[%clk 0:02:25]} 22.
Nxb4 {[%clk 0:01:13]} Bxg2 {[%clk 0:02:25]} 23. Nxg2 {[%clk 0:01:11]} Qxb4 {[%clk
0:02:25]} 24. Qc3 {[%clk 0:00:59]} Qb6 {[%clk 0:02:26]} 25. Nf4 {[%clk 0:00:38]}
f5 {[%clk 0:02:26]} 26. Qc2 {[%clk 0:00:37]} Qb7 {[%clk 0:02:17]} 27. Qd2 {[%clk
0:00:24]} Nc6 {[%clk 0:02:09]} 28. Nd5 {[%clk 0:00:12]} Ne5 {[%clk 0:02:01]} 29.
Qe2 {[%clk 0:00:03]} Qxd5 {[%clk 0:02:01]}  0-1

[Event "Deutsche Blitz-Einzelmeisterschaft der Frauen 2021"]
[Site "Magdeburg"]
[Date "2021.08.01"]
[Round "3"]
[Board "4"]
[White "Paehtz, Elisabeth"]
[Black "Brunner, Sophia"]
[Result "1-0"]
[WhiteElo "2410"]
[BlackElo "1741"]
[PlyCount "0"]
[EventDate "2021.08.01"]
[EventRounds "21"]
[EventCountry "GER"]

1. d4 {[%clk 0:03:02]} d5 {[%clk 0:03:03]} 2. Bf4 {[%clk 0:03:03]} Nf6 {[%clk
0:03:04]} 3. e3 {[%clk 0:03:04]} e6 {[%clk 0:02:58]} 4. Nf3 {[%clk 0:03:03]} c5
{[%clk 0:02:59]} 5. c3 {[%clk 0:02:55]} Nc6 {[%clk 0:03:00]} 6. Nbd2 {[%clk
0:03:04]} Be7 {[%clk 0:02:56]} 7. Bd3 {[%clk 0:03:04]} O-O {[%clk 0:02:54]} 8.
Ne5 {[%clk 0:02:59]} h6 {[%clk 0:02:36]} 9. Qf3 {[%clk 0:02:57]} Nxe5 {[%clk
0:02:28]} 10. Bxe5 {[%clk 0:02:51]} Nd7 {[%clk 0:02:22]} 11. Bf4 {[%clk 0:02:51]}
Bg5 {[%clk 0:02:19]} 12. h4 {[%clk 0:02:40]} Bxf4 {[%clk 0:02:18]} 13. Qxf4
{[%clk 0:02:41]} cxd4 {[%clk 0:02:10]} 14. cxd4 {[%clk 0:02:36]} Qf6 {[%clk
0:01:51]} 15. Qxf6 {[%clk 0:02:34]} Nxf6 {[%clk 0:01:52]} 16. Rc1 {[%clk
0:02:35]} Bd7 {[%clk 0:01:53]} 17. Ke2 {[%clk 0:02:32]} Rfc8 {[%clk 0:01:49]} 18.
Nb3 {[%clk 0:02:30]} Kf8 {[%clk 0:01:17]} 19. Nc5 {[%clk 0:02:29]} Bc6 {[%clk
0:01:19]} 20. b4 {[%clk 0:02:18]} a6 {[%clk 0:01:12]} 21. Nb3 {[%clk 0:02:13]}
Bb5 {[%clk 0:00:57]} 22. f3 {[%clk 0:02:03]} Bxd3+ {[%clk 0:00:26]} 23. Kxd3
{[%clk 0:01:52]} b6 {[%clk 0:00:27]} 24. a4 {[%clk 0:01:53]} Nd7 {[%clk 0:00:21]}
25. e4 {[%clk 0:01:30]} Ke7 {[%clk 0:00:15]} 26. Rhe1 {[%clk 0:01:23]} Kd6 {[%clk
0:00:10]} 27. h5 {[%clk 0:01:26]} f6 {[%clk 0:00:05]} 28. Nd2 {[%clk 0:01:21]}
Rab8 {[%clk 0:00:04]} 29. Nf1 {[%clk 0:01:18]} Rd8 {[%clk 0:00:04]}  1-0

[Event "Deutsche Blitz-Einzelmeisterschaft der Frauen 2021"]
[Site "Magdeburg"]
[Date "2021.08.01"]
[Round "3"]
[Board "5"]
[White "Hofmann, Karina"]
[Black "Moenster, Madita"]
[Result "0-1"]
[WhiteElo "1734"]
[BlackElo "1889"]
[PlyCount "0"]
[EventDate "2021.08.01"]
[EventRounds "21"]
[EventCountry "GER"]

1. f4 {[%clk 0:03:03]} d5 {[%clk 0:03:02]} 2. Nf3 {[%clk 0:03:04]} Nf6 {[%clk
0:03:03]} 3. e3 {[%clk 0:03:05]} Bg4 {[%clk 0:03:02]} 4. b3 {[%clk 0:03:05]} e6
{[%clk 0:03:02]} 5. Bb2 {[%clk 0:03:05]} Be7 {[%clk 0:03:02]} 6. h3 {[%clk
0:03:06]} Bxf3 {[%clk 0:03:02]} 7. Qxf3 {[%clk 0:03:07]} O-O {[%clk 0:02:54]} 8.
d4 {[%clk 0:03:09]} Ne4 {[%clk 0:02:58]} 9. g3 {[%clk 0:02:53]} c5 {[%clk
0:02:45]} 10. h4 {[%clk 0:02:46]} Nc6 {[%clk 0:02:43]} 11. Bd3 {[%clk 0:02:45]}
cxd4 {[%clk 0:02:38]} 12. exd4 {[%clk 0:02:40]} Bb4+ {[%clk 0:02:29]} 13. c3
{[%clk 0:02:32]} Bd6 {[%clk 0:02:20]} 14. Bxe4 {[%clk 0:02:39]} dxe4 {[%clk
0:02:20]} 15. Qxe4 {[%clk 0:02:30]} Rc8 {[%clk 0:02:13]} 16. Nd2 {[%clk 0:02:22]}
b5 {[%clk 0:02:12]} 17. O-O-O {[%clk 0:02:30]} a5 {[%clk 0:02:11]} 18. Kb1 {[%clk
0:02:28]} a4 {[%clk 0:02:07]} 19. b4 {[%clk 0:02:24]} Ne7 {[%clk 0:02:04]} 20. g4
{[%clk 0:02:25]} Nd5 {[%clk 0:01:52]} 21. f5 {[%clk 0:02:01]} Nxc3+ {[%clk
0:01:36]} 22. Bxc3 {[%clk 0:02:03]} Rxc3 {[%clk 0:01:36]} 23. fxe6 {[%clk
0:02:03]} fxe6 {[%clk 0:01:29]} 24. Qxe6+ {[%clk 0:02:04]} Kh8 {[%clk 0:01:30]}
25. Kb2 {[%clk 0:01:58]} Bxb4 {[%clk 0:01:28]} 26. Ne4 {[%clk 0:01:52]} a3+
{[%clk 0:01:24]} 27. Kb1 {[%clk 0:01:52]} Re3 {[%clk 0:01:21]} 28. Qc6 {[%clk
0:01:35]} Re2 {[%clk 0:01:12]} 29. Qxb5 {[%clk 0:00:33]} Rb2+ {[%clk 0:01:02]}
30. Ka1 {[%clk 0:00:33]} Bc3 {[%clk 0:00:59]} 31. Nxc3 {[%clk 0:00:33]} Rxb5
{[%clk 0:01:00]} 32. Nxb5 {[%clk 0:00:34]} Qd5 {[%clk 0:00:51]} 33. Nxa3 {[%clk
0:00:33]} Rf2 {[%clk 0:00:49]}  0-1

[Event "Deutsche Blitz-Einzelmeisterschaft der Frauen 2021"]
[Site "Magdeburg"]
[Date "2021.08.01"]
[Round "3"]
[Board "6"]
[White "Voicu-Jagodzinsky, Carmen"]
[Black "Michna, Marta"]
[Result "0-1"]
[WhiteElo "2194"]
[BlackElo "2416"]
[PlyCount "0"]
[EventDate "2021.08.01"]
[EventRounds "21"]
[EventCountry "GER"]

1. e4 {[%clk 0:03:02]} e6 {[%clk 0:03:03]} 2. d4 {[%clk 0:03:00]} d5 {[%clk
0:03:04]} 3. Nc3 {[%clk 0:03:01]} Bb4 {[%clk 0:03:03]} 4. exd5 {[%clk 0:03:02]}
exd5 {[%clk 0:03:03]} 5. Bd3 {[%clk 0:03:02]} Nf6 {[%clk 0:03:03]} 6. Ne2 {[%clk
0:03:04]} O-O {[%clk 0:03:00]} 7. O-O {[%clk 0:03:05]} c6 {[%clk 0:02:59]} 8. h3
{[%clk 0:03:03]} Re8 {[%clk 0:02:53]} 9. Ng3 {[%clk 0:03:04]} Nbd7 {[%clk
0:02:48]} 10. Qf3 {[%clk 0:03:03]} Nf8 {[%clk 0:02:45]} 11. Bg5 {[%clk 0:03:02]}
Be7 {[%clk 0:02:46]} 12. Rae1 {[%clk 0:02:57]} Ne6 {[%clk 0:02:33]} 13. Be3
{[%clk 0:02:50]} g6 {[%clk 0:02:31]} 14. Nce2 {[%clk 0:02:44]} h5 {[%clk
0:02:16]} 15. Nf4 {[%clk 0:02:27]} Nxf4 {[%clk 0:01:05]} 16. Bxf4 {[%clk
0:02:22]} h4 {[%clk 0:00:42]} 17. Ne2 {[%clk 0:02:24]} Nh7 {[%clk 0:00:40]} 18.
Bh6 {[%clk 0:02:10]} Bf6 {[%clk 0:00:38]} 19. c3 {[%clk 0:02:08]} Bd7 {[%clk
0:00:33]} 20. Nf4 {[%clk 0:02:01]} Bg5 {[%clk 0:00:32]} 21. Bxg5 {[%clk 0:01:59]}
Nxg5 {[%clk 0:00:33]} 22. Qd1 {[%clk 0:01:59]} Qf6 {[%clk 0:00:34]} 23. Qd2
{[%clk 0:01:48]} Kg7 {[%clk 0:00:23]} 24. b4 {[%clk 0:01:50]} a6 {[%clk 0:00:24]}
25. a4 {[%clk 0:01:51]} Bf5 {[%clk 0:00:19]} 26. Re3 {[%clk 0:01:40]} Ne4 {[%clk
0:00:18]} 27. Bxe4 {[%clk 0:01:39]} Rxe4 {[%clk 0:00:19]} 28. Nd3 {[%clk
0:01:37]} Rxe3 {[%clk 0:00:18]} 29. fxe3 {[%clk 0:01:38]} Qg5 {[%clk 0:00:19]}
30. Ne5 {[%clk 0:01:33]} f6 {[%clk 0:00:20]} 31. Nf3 {[%clk 0:01:33]} Qh6 {[%clk
0:00:20]} 32. Qf2 {[%clk 0:01:32]} Be4 {[%clk 0:00:17]} 33. Nxh4 {[%clk 0:01:32]}
f5 {[%clk 0:00:18]} 34. Nf3 {[%clk 0:01:26]} Bxf3 {[%clk 0:00:19]} 35. Qxf3
{[%clk 0:01:27]} Re8 {[%clk 0:00:21]} 36. Re1 {[%clk 0:01:27]} Re4 {[%clk
0:00:22]} 37. Kf2 {[%clk 0:01:25]} Qh4+ {[%clk 0:00:22]} 38. Kf1 {[%clk 0:01:14]}
f4 {[%clk 0:00:23]} 39. Qg4 {[%clk 0:01:12]} Qe7 {[%clk 0:00:21]} 40. Qc8 {[%clk
0:01:04]} Rxe3 {[%clk 0:00:17]} 41. Rxe3 {[%clk 0:01:02]} fxe3 {[%clk 0:00:14]}
42. Ke2 {[%clk 0:01:04]} Qe4 {[%clk 0:00:13]} 43. Qxb7+ {[%clk 0:01:04]} Kh6
{[%clk 0:00:15]} 44. Qxc6 {[%clk 0:01:03]} Qf4 {[%clk 0:00:16]} 45. Qxd5 {[%clk
0:01:03]} Qf2+ {[%clk 0:00:18]} 46. Kd3 {[%clk 0:01:01]} Qd2+ {[%clk 0:00:16]}
47. Kc4 {[%clk 0:00:53]} Qa2+ {[%clk 0:00:17]} 48. Kc5 {[%clk 0:00:51]} Qxd5+
{[%clk 0:00:17]} 49. Kxd5 {[%clk 0:00:52]} e2 {[%clk 0:00:19]} 50. c4 {[%clk
0:00:53]} e1=Q {[%clk 0:00:19]} 51. b5 {[%clk 0:00:55]} axb5 {[%clk 0:00:17]} 52.
axb5 {[%clk 0:00:54]} Qe7 {[%clk 0:00:17]} 53. c5 {[%clk 0:00:55]} Qb7+ {[%clk
0:00:17]} 54. Kc4 {[%clk 0:00:56]} Kg7 {[%clk 0:00:19]} 55. b6 {[%clk 0:00:55]}
Qc6 {[%clk 0:00:19]} 56. d5 {[%clk 0:00:54]} Qa4+ {[%clk 0:00:20]} 57. Kc3 {[%clk
0:00:55]} Kf6 {[%clk 0:00:21]} 58. b7 {[%clk 0:00:54]} Qa5+ {[%clk 0:00:22]} 59.
Kd4 {[%clk 0:00:54]} Qb4+ {[%clk 0:00:23]} 60. Kd3 {[%clk 0:00:55]} Qxb7 {[%clk
0:00:24]} 61. Kd4 {[%clk 0:00:57]} Qb4+ {[%clk 0:00:26]} 62. Kd3 {[%clk 0:00:58]}
Qxc5 {[%clk 0:00:27]}  0-1

[Event "Deutsche Blitz-Einzelmeisterschaft der Frauen 2021"]
[Site "Magdeburg"]
[Date "2021.08.01"]
[Round "3"]
[Board "7"]
[White "Stangl, Anita"]
[Black "Zimmer, Elke"]
[Result "1-0"]
[WhiteElo "1982"]
[BlackElo "1872"]
[PlyCount "0"]
[EventDate "2021.08.01"]
[EventRounds "21"]
[EventCountry "GER"]

1. e4 {[%clk 0:03:03]} c6 {[%clk 0:03:04]} 2. d4 {[%clk 0:03:04]} d5 {[%clk
0:03:05]} 3. e5 {[%clk 0:03:05]} Bf5 {[%clk 0:03:01]} 4. g4 {[%clk 0:03:06]} Bd7
{[%clk 0:03:00]} 5. f4 {[%clk 0:03:03]} e6 {[%clk 0:03:01]} 6. Nf3 {[%clk
0:03:04]} c5 {[%clk 0:03:02]} 7. c3 {[%clk 0:03:05]} Nc6 {[%clk 0:03:01]} 8. Bg2
{[%clk 0:02:56]} Qb6 {[%clk 0:03:02]} 9. O-O {[%clk 0:02:54]} cxd4 {[%clk
0:03:02]} 10. cxd4 {[%clk 0:02:56]} Rc8 {[%clk 0:03:01]} 11. Nc3 {[%clk 0:02:56]}
Bb4 {[%clk 0:02:55]} 12. a3 {[%clk 0:02:34]} Bxc3 {[%clk 0:02:46]} 13. bxc3
{[%clk 0:02:35]} Na5 {[%clk 0:02:54]} 14. Bd2 {[%clk 0:02:10]} Nc4 {[%clk
0:02:55]} 15. Re1 {[%clk 0:01:35]} Ne7 {[%clk 0:02:55]} 16. Rb1 {[%clk 0:01:21]}
Qc7 {[%clk 0:02:56]} 17. Bc1 {[%clk 0:01:10]} a6 {[%clk 0:02:49]} 18. Qd3 {[%clk
0:01:02]} O-O {[%clk 0:02:47]} 19. Ng5 {[%clk 0:01:02]} g6 {[%clk 0:02:47]} 20.
Qh3 {[%clk 0:01:00]} h5 {[%clk 0:02:02]} 21. gxh5 {[%clk 0:01:01]} Nf5 {[%clk
0:01:56]} 22. hxg6 {[%clk 0:01:01]}  1-0

[Event "Deutsche Blitz-Einzelmeisterschaft der Frauen 2021"]
[Site "Magdeburg"]
[Date "2021.08.01"]
[Round "3"]
[Board "8"]
[White "Albayrak, Berrak"]
[Black "Schneider, Birgit"]
[Result "1/2-1/2"]
[WhiteElo "1491"]
[BlackElo "1993"]
[PlyCount "0"]
[EventDate "2021.08.01"]
[EventRounds "21"]
[EventCountry "GER"]

1. e4 {[%clk 0:03:03]} c5 {[%clk 0:02:53]} 2. Nc3 {[%clk 0:03:04]} Nc6 {[%clk
0:02:53]} 3. g3 {[%clk 0:03:05]} g6 {[%clk 0:03:03]} 4. Bg2 {[%clk 0:03:06]} Bg7
{[%clk 0:03:04]} 5. d3 {[%clk 0:03:07]} d6 {[%clk 0:03:03]} 6. Be3 {[%clk
0:03:06]} Rb8 {[%clk 0:03:03]} 7. Qd2 {[%clk 0:03:06]} b5 {[%clk 0:03:04]} 8. Nd1
{[%clk 0:02:51]} b4 {[%clk 0:03:00]} 9. c3 {[%clk 0:02:50]} bxc3 {[%clk 0:03:00]}
10. bxc3 {[%clk 0:02:51]} Bd7 {[%clk 0:02:51]} 11. Ne2 {[%clk 0:02:42]} e6 {[%clk
0:02:49]} 12. O-O {[%clk 0:02:40]} Nge7 {[%clk 0:02:48]} 13. Bh6 {[%clk 0:02:29]}
O-O {[%clk 0:02:48]} 14. Bxg7 {[%clk 0:02:30]} Kxg7 {[%clk 0:02:48]} 15. f4
{[%clk 0:02:28]} f5 {[%clk 0:02:22]} 16. Ne3 {[%clk 0:02:04]} e5 {[%clk 0:01:35]}
17. Nc4 {[%clk 0:01:44]} Be6 {[%clk 0:01:15]} 18. Ne3 {[%clk 0:01:13]} Bg8 {[%clk
0:00:42]} 19. exf5 {[%clk 0:01:01]} gxf5 {[%clk 0:00:34]} 20. fxe5 {[%clk
0:00:55]} Nxe5 {[%clk 0:00:33]} 21. d4 {[%clk 0:00:43]} N5g6 {[%clk 0:00:22]} 22.
Nf4 {[%clk 0:00:40]} cxd4 {[%clk 0:00:17]} 23. Qxd4+ {[%clk 0:00:39]} Rf6 {[%clk
0:00:08]} 24. Nfd5 {[%clk 0:00:35]} Bxd5 {[%clk 0:00:08]} 25. Nxd5 {[%clk
0:00:35]} Nxd5 {[%clk 0:00:05]} 26. Bxd5 {[%clk 0:00:36]} Qb6 {[%clk 0:00:06]}
27. Rab1 {[%clk 0:00:29]} Qxd4+ {[%clk 0:00:07]} 28. cxd4 {[%clk 0:00:30]} Re8
{[%clk 0:00:09]} 29. Rb7+ {[%clk 0:00:28]} Re7 {[%clk 0:00:10]} 30. Rxe7+ {[%clk
0:00:28]} Nxe7 {[%clk 0:00:12]} 31. Bb3 {[%clk 0:00:21]} Rf8 {[%clk 0:00:13]} 32.
Re1 {[%clk 0:00:19]} Ng6 {[%clk 0:00:14]} 33. Re6 {[%clk 0:00:17]} Rf6 {[%clk
0:00:14]}  1/2-1/2